Základy práva

Gespeichert in:
Bibliographische Detailangaben
1. Verfasser: Pavlátová, Jarmila
Format: Buch
Sprache:Tschechisch
Veröffentlicht: Praha Stát. nakl. techn. lit. 1982
Schriftenreihe:Učebnice pro vysoké školy
Tags: Tag hinzufügen
Keine Tags, Fügen Sie das erste Tag hinzu!

MARC

LEADER 00000nam a2200000 4500
001 c134849
005 20041019155302.4
041 0 |a cze 
044 |a CZ 
245 1 0 |a Základy práva  |c Jarmila Pavlátová a kol. 
264 1 |a Praha  |b Stát. nakl. techn. lit.  |c 1982 
300 |a 197 s. 
490 1 |a Učebnice pro vysoké školy 
830 0 |a Učebnice pro vysoké školy 
100 1 |a Pavlátová, Jarmila